书目信息 |
| 题名: |
半导体工艺原理
|
|
| 作者: | 谢孟贤 , 刘国维 编 | |
| 分册: | 下册 | |
| 出版信息: | 北京 国防工业出版社 1980 |
|
| 页数: | 159页 | |
| 开本: | 25cm | |
| 丛书名: | ||
| 单 册: | ||
| 中图分类: | TN301 | |
| 科图分类: | ||
| 主题词: | 半导体工艺--理论 , 半导体技术 | |
| 电子资源: | ||
| ISBN: | ||
| 000 | 00671nam0 2200241 45 | |
| 001 | 0180005871 | |
| 005 | 20060722143914.59 | |
| 010 | @dCNY1.10 | |
| 091 | @a15034.2016 | |
| 100 | @a19950706d1980 em y0chiy0121 ea | |
| 101 | 0 | @achi |
| 102 | @aCN@b110000 | |
| 105 | @ay z 000yy | |
| 200 | 10 | @a半导体工艺原理@h下册@Aban dao ti gong yi yuan li@f刘国维,谢孟贤编@Fliu guo wei,xie meng xian bian |
| 210 | @a北京@c国防工业出版社@d1980 | |
| 215 | @a159页@d25cm | |
| 606 | @a半导体工艺@x理论 | |
| 606 | 0 | @a半导体技术 |
| 690 | @aTN301 | |
| 701 | 0 | @a谢孟贤@Axie meng xian@4编 |
| 701 | 0 | @a刘国维@Aliu guo wei@4编 |
| 801 | 2 | @aCN@bNLC@c20060722 |
| 905 | @dTN301@e17:2 | |
| 半导体工艺原理.下册/刘国维,谢孟贤编.-北京:国防工业出版社,1980 |
| 159页;25cm |
| ISBN :CNY1.10 |
| ● |
| 相关链接 |
|
|
|
|
正题名:半导体工艺原理
索取号:TN301/17:2
 
预约/预借
| 序号 | 登录号 | 条形码 | 馆藏地/架位号 | 状态 | 备注 |
| 1 | 0437747 | 204377478 | 密集书库/ [索取号:TN301/17:2] | 在馆 |